La dissociation d'une personnalité (Record no. 122475)
[ view plain ]
| 000 -LEADER | |
|---|---|
| campo de control de longitud fija | 00563nam a2200169 4500 |
| 001 - NÚMERO DE CONTROL | |
| campo de control | 122475 |
| 003 - IDENTIFICADOR DE NÚMERO DE CONTROL | |
| campo de control | ES-MaACL |
| 007 - CAMPO FIJO DE DESCRIPCIÓN FÍSICA--INFORMACIÓN GENERAL | |
| campo de control de longitud fija | t| |
| 008 - DATOS DE LONGITUD FIJA--INFORMACIÓN GENERAL | |
| campo de control de longitud fija | 070214s1911 fr r ||||1| fre d |
| 100 1# - ENTRADA PRINCIPAL--NOMBRE DE PERSONA | |
| Nombre de persona | Prince, Morton. |
| 9 (RLIN) | 93980 |
| 245 13 - MENCIÓN DEL TÍTULO | |
| Título | La dissociation d'une personnalité |
| Resto del título | : étude biographique de psychologie pathologique / |
| Mención de responsabilidad, etc. | par Morton Prince ; traduit par Renée J. Ray et Jean Ray. |
| 260 ## - PUBLICACIÓN, DISTRIBUCIÓN, ETC. | |
| Lugar de publicación, distribución, etc. | Paris : |
| Nombre del editor, distribuidor, etc. | Félix Alcan, |
| Fecha de publicación, distribución, etc. | 1911. |
| 300 ## - DESCRIPCIÓN FÍSICA | |
| Extensión | 526 p. ; |
| Dimensiones | 23 x 14 cm. |
| 700 1# - ENTRADA AGREGADA--NOMBRE PERSONAL | |
| Nombre de persona | Ray, Renée J. |
| 9 (RLIN) | 95621 |
| 700 1# - ENTRADA AGREGADA--NOMBRE PERSONAL | |
| Nombre de persona | Ray, Jean. |
| 9 (RLIN) | 95616 |
| 852 ## - LOCALIZACIÓN | |
| Ubicación | ES-MaACL |
| Número de control de estantería | B-7031 |
| Estatus retirado | Estado de pérdida | Estado de daño | No para préstamo | Biblioteca de origen | Biblioteca actual | Ubicación en estantería | Fecha de adquisición | Fuente de adquisición | Total de préstamos | Signatura topográfica completa | Código de barras | Visto por última vez | Precio de reemplazo | Tipo de ítem Koha |
|---|---|---|---|---|---|---|---|---|---|---|---|---|---|---|
| Biblioteca del Ateneo de Madrid | Biblioteca del Ateneo de Madrid | Sala Pardo Bazán | 17/01/2008 | B-7031 | 1127624 | 23/02/2023 | 23/02/2023 | Libro impreso |
